000 00967nam a2200265 a 4500
003 MX-MxUPN
005 20251210064031.0
008 991125s1928 sp r 000 0 spa d
035 _aUPN01000006874
040 _aMX-MxUPN
_bspa
_cMX-MxUPN
041 1 _aspa
_hger
050 1 4 _aLB1507
_bP5
100 1 _aPestalozzi, Johann Heinrich,
_d1746-1827
_929412
245 1 0 _aCartas sobre la educación primaria dirigidas a J. P. Greaves
260 _aMadrid :
_bEdiciones de La Lectura,
_c1928
300 _a224 páginas
490 0 _aCiencia y educación
490 0 _aBiblioteca pedagógica
650 4 _aEducación primaria
_91552
710 2 _aInstituto Nacional de Pedagogía (México)
_epropietario anterior
_928088
710 2 _aMuseo Pedagógico Nacional (México)
_951335
_epropietario anterior
710 1 _aMéxico.
_bSecretaría de Educación Pública.
_bBiblioteca Pública
_epropietario anterior
_951349
902 _aGUADALUPE SANCHEZ
942 _2lcc
_cLIBRO
999 _c6874
_d6874